000
00215 a2200097 4500
001
10137
100
_a
Sarton, G
245
_a
Ancient science and modern civilization
260
_a
_b
Arnold
_c
090
_c
7881
_d
7881
942
_a
NUST-CAE
_c
M
_c
34579
999
_c
245210
_d
245210